Derechos fundamentales Actas de las VI Jornadas Nacionales de Derechos Fundamentales /

Detalles Bibliográficos
Autor principal: Landa Arroyo, César
Formato: eBook
Lenguaje:español
Publicado: Lima: Palestra Editores, 2021
Materias:
Acceso en línea:Acceso restringido

MARC

LEADER 00000nam a22000007a 4500
005 20220824212142.0
007 cr|||| ||||
008 220824s2021 pe |||||s|||| 00||0 spa d
020 |a 9786123252137 
035 |a 36946 
040 |a vLex 
090 |c 13812  |d 13812 
100 1 |a Landa Arroyo, César 
245 1 0 |a Derechos fundamentales  |h [Recurso electrn̤ico] :  |b Actas de las VI Jornadas Nacionales de Derechos Fundamentales /  |c César Landa Arroyo 
256 |a Servicio en ln̕ea 
260 |a Lima:  |b Palestra Editores,  |c 2021 
300 |a 1 recurso electrn̤ico 
500 |a Las VI Jornadas Nacionales de Derechos Fundamental (realizadas del 16 al 18 de setiembre de 2021) se desarrollan en el marco del Bicentenario de la Independencia del Per,︢ efemřide propicia para reflexionar histr̤icamente sobre el devenir y los problemas de nuestro modelo constitucional contemporǹeo, no en base a un recuento de los hechos histr̤icos, sino del estudio de las causas de la situacin̤ contemporǹea tanto del rǧimen polt̕ico y del rǧimen econm̤ico, como su impacto en los derechos fundamentales, y, en el quehacer judicial, as ̕como, de analizar las posibilidades de su transformacin̤ constitucional. As,̕ las conferencias magistrales y las ponencias presentadas en esta Jornada Nacional se vinculan con las necesidades y urgencias de la reforma constitucional del presente modelo constitucional. Por eso, es necesario hacer hincapi ̌en que estas contribuciones reflexionan no en las consecuencias irreparables de nuestra historia polt̕ica pasada, sino en la causa gobernable de nuestra vida constitucional presente y futura. 
506 1 |a Disponible solo en los productos indicados  |d vLex Global  |d vLex Global (Academic Edition, excluding Law Schools)  |d vLex Global (U.S. Academic Edition, Law Schools)  |d vLex Global (U.S. Academic Edition, excluding Law Schools)  |d vLex Global (Academic Edition, Law Schools) 
650 0 4 |a Derecho Constitucional  |z Per︢ 
740 0 |a vLex Libros (Servicio en ln̕ea) 
856 4 0 |u Acceso restringido  |z Acceso restringido 
942 |c BOOK 
999 0 |a Constitutional right